[Event "Ch Europe (team)"]
[Site "masterchessopen.com - Vienna (Austria)"]
[Round "0"]
[White "Smyslov Vassily (RUS)"]
[Black "Filip Miroslav (CZE)"]
[Result "1-0"]
[WhiteElo "2494"]
[BlackElo "2465"]

1.d4 Nf6 2.c4 c5 3.d5 e6 4.Nc3 exd5 5.cxd5 d6 6.e4 g6 7.Nf3 Bg7 8.Be2 O-O
9.O-O Bg4 10.h3 Bxf3 11.Bxf3 a6 12.Bf4 Ne8 13.a4 { ! } 13...Nd7 14.Be2 { ! }
14...Qc7 15.Rc1 { ! } 15...Rb8 ( 15...c4 16.b3 cxb3 17.Qxb3 Nc5 18.Qa3 { ? } )
16.b3 { ! } 16...Nef6 17.Qc2 Rfe8 18.Bh2 h6 19.Kh1 Nh7 20.f4 f5 ( 20...Bxc3
21.Qxc3 Rxe4 22.Bd3 Re3 23.Qd2 Rbe8 24.b4 { ± } ) 21.Bf3 Bxc3 22.Qxc3 fxe4
23.Bg4 Nhf6 24.Be6+ Kh7 25.h4 { ± } 25...Rg8 26.g4 { ! } 26...h5 27.g5 Ng4
28.f5 Rgf8 29.fxg6+ Kxg6 30.Bxg4 hxg4 31.h5+ Kxh5 32.Qg7 g3 33.Bxg3 Kg4 34.Rg1
Rh8+ 35.Bh2+ Kh4 36.Rcf1 Rbg8 37.Rf4+ Kh5 38.Qf7+ Rg6 39.Qf5 {#r} 1-0

[Event "Izt"]
[Site "masterchessopen.com - Madrid (Spain)"]
[Round "0"]
[White "Penrose Jonathan (ENG)"]
[Black "Attard Wilfred (MLT)"]
[Result "1-0"]
[WhiteElo "2405"]
[BlackElo "2225"]

1.d4 Nf6 2.c4 e6 3.Nc3 c5 4.d5 exd5 5.cxd5 d6 6.e4 g6 7.Nf3 Bg7 8.Be2 O-O
9.O-O Na6 10.Bg5 Nc7 11.Nd2 Qe8 12.Bf4 Qe7 13.Re1 Nd7 14.Qc2 Ne5 15.Bg3 Bd7
16.f4 Ng4 17.Bxg4 Bxg4 18.f5 g5 19.Nc4 Bd4+ 20.Kh1 Rfd8 21.e5 dxe5 22.d6 Rxd6
23.Nxd6 Qxd6 24.Qe4 Bh5 25.Bxe5 Bxe5 26.Qxe5 Qxe5 27.Rxe5 b6 28.Ne4 Kg7 29.Ng3
Kh6 30.Re7 Nd5 31.Rd7 Nf4 32.Re1 c4 33.Re4 Rc8 34.Rd6+ Kg7 35.Rxf4 {#r} 1-0

[Event "Ch BRD"]
[Site "masterchessopen.com - Bad Pyrmont (Germany)"]
[Round "9"]
[White "Bachmann Karlheinz (GER)"]
[Black "Bialas Wolfram (GER)"]
[Result "1-0"]
[WhiteElo "2295"]
[BlackElo "2325"]

1.c4 Nf6 2.Nc3 e6 3.d4 c5 4.d5 exd5 5.cxd5 d6 6.e4 g6 7.Be2 Bg7 8.Nf3 O-O
9.O-O Na6 10.h3 Re8 11.Nd2 Rb8 12.Re1 Nc7 13.a4 a6 14.a5 b5 15.axb6 Rxb6
16.Bd3 Nb5 17.Nc4 Rb8 18.Bd2 h6 19.Ra2 g5 20.Na5 Bd7 21.Nc4 g4 22.hxg4 Bxg4
23.Qc1 Bc8 24.Bxh6 Nxc3 25.bxc3 Bxh6 26.Qxh6 Nxd5 27.e5 Re6 28.Bh7+ {#r} 1-0

[Event "Ch Great Britain (under 18)"]
[Site "masterchessopen.com - Bath (England)"]
[Round "0"]
[White "Griffiths Peter C (ENG)"]
[Black "Mitchell Jeffrey (USA)"]
[Result "1-0"]
[WhiteElo "2280"]
[BlackElo "2089"]

1.d4 Nf6 2.c4 e6 3.Nc3 c5 4.d5 exd5 5.cxd5 d6 6.e4 g6 7.Nf3 Bg7 8.Be2 O-O
9.O-O Na6 10.Nd2 Nc7 11.a4 Rb8 12.Nc4 b6 13.f4 a6 14.Bf3 b5 15.axb5 axb5
16.Na5 Bb7 17.Re1 Nd7 18.e5 Nb6 19.Nxb7 Rxb7 20.exd6 Bd4+ 21.Kh1 Qxd6 22.Ne4
Qd8 23.d6 Ncd5 24.Qb3 Re8 25.Qxb5 Rd7 26.Bd2 c4 27.Nc5 Bxc5 28.Qxc5 Rxe1+
29.Rxe1 Rxd6 30.Re8+ Qxe8 31.Qxd6 Qb5 32.Qb8+ Kg7 33.Qe5+ Kg8 34.Qb8+ Kg7
35.Bxd5 {#r} 1-0

[Event "?"]
[Site "masterchessopen.com - Belgrade (Yugoslavia)"]
[Round "0"]
[White "Karaklajic Nikola (SRB)"]
[Black "Boskovic Milorad (USA)"]
[Result "1-0"]
[WhiteElo "2303"]
[BlackElo "2325"]

1.d4 Nf6 2.c4 c5 3.d5 e6 4.Nc3 exd5 5.cxd5 d6 6.e4 g6 7.Be2 Bg7 8.Nf3 O-O
9.O-O Nbd7 10.Bf4 Ne8 11.h3 a6 12.a4 Rb8 13.Nd2 f5 14.exf5 gxf5 15.Nc4 Ne5
16.Qd2 Nxc4 17.Bxc4 Bd7 18.a5 b5 19.axb6 Qxb6 20.Ra2 Bb5 21.Bxb5 axb5 22.Bh6
Qb7 23.Rfa1 Bxh6 24.Qxh6 Qg7 25.Qe6+ Qf7 26.Ra7 Qxe6 27.dxe6 Rf6 28.Re1 Ng7
29.Nd5 Rh6 30.Rd7 Ne8 31.Ne7+ Kf8 32.Nc6 Ra8 33.Rf7+ Kg8 34.Ne7+ Kh8 35.Rf8+
Kg7 36.Rg8+ Kf6 37.Nd5# 1-0

[Event "Olympiad"]
[Site "masterchessopen.com - Habana (Cuba)"]
[Round "0"]
[White "Kraidman Yair (ISR)"]
[Black "Cordovil Joao (POR)"]
[Result "1-0"]
[WhiteElo "2267"]
[BlackElo "2184"]

1.d4 Nf6 2.c4 c5 3.d5 e6 4.Nc3 exd5 5.cxd5 d6 6.e4 g6 7.Nf3 Bg7 8.Be2 O-O
9.O-O Bg4 10.Nd2 Bxe2 11.Qxe2 Nfd7 12.a4 Na6 13.Nb5 Qe7 14.Nc4 Nb6 15.Ncxd6
Nxd5 16.Rd1 Ndb4 17.Nc4 Nc7 18.Bf4 Nxb5 19.axb5 Rfe8 20.f3 Bd4+ 21.Rxd4 cxd4
22.Bd6 Qd7 23.Bxb4 Qxb5 24.Bd2 Rac8 25.b3 Qxb3 26.Nd6 Qb2 27.Rd1 Red8 28.Nxc8
Rxc8 29.e5 Rc6 30.Qe4 a5 31.Bxa5 Rc2 32.f4 d3 33.e6 Re2 34.exf7+ Kxf7 35.Qd5+
Kf8 36.Rxd3 b6 37.Qd6+ Kf7 38.Qc7+ Re7 39.Qc4+ {#r} 1-0

[Event "It \"]
[Site "masterchessopen.com - Beverwijk (Netherlands)"]
[Round "0"]
[White "Karaklajic Nikola (SRB)"]
[Black "Tatai Stefano (ITA)"]
[Result "1-0"]
[WhiteElo "2303"]
[BlackElo "2367"]

1.d4 Nf6 2.c4 c5 3.d5 e6 4.Nc3 exd5 5.cxd5 d6 6.e4 g6 7.Be2 Bg7 8.Nf3 O-O
9.O-O Na6 10.Bf4 Nh5 11.Bg5 f6 12.Bc1 Bh8 13.Ne1 Ng7 14.f4 Nc7 15.Nf3 a6 16.a4
Bd7 17.Kh1 Nge8 18.e5 fxe5 19.fxe5 dxe5 20.d6 Ne6 21.Bc4 Bf6 22.Bh6 Bg7 23.Bg5
Bf6 24.Bxf6 Rxf6 25.Ne4 Rf4 26.Nfg5 Ng7 27.Rxf4 exf4 28.Qb3 Qc8 29.Nf6+ Kh8
30.Nf7# 1-0

[Event "Ch URS (team)"]
[Site "masterchessopen.com - Riga (Latvia)"]
[Round "0"]
[White "Lazarev Efim M (UKR)"]
[Black "Klovsky Rafail (UKR)"]
[Result "1-0"]
[WhiteElo "2428"]
[BlackElo "2305"]

1.d4 Nf6 2.Nf3 g6 3.c4 Bg7 4.Nc3 O-O 5.e4 d6 6.Be2 c5 7.d5 e6 8.O-O exd5
9.cxd5 Bg4 10.Bg5 h6 11.Bf4 Re8 12.Qc2 Na6 13.h3 Nb4 14.Qd2 Bxf3 15.Bxf3 g5
16.Bh2 Qd7 17.Rae1 c4 18.Be2 Rac8 19.f4 Qd8 20.a3 Na2 21.Bf3 Nxc3 22.bxc3 Nh7
23.Bg4 Rc7 24.e5 Rce7 25.fxg5 dxe5 26.gxh6 Qb6+ 27.Qf2 Qxh6 28.Qc5 Rd8 {#r}
1-0

[Event "Zt"]
[Site "masterchessopen.com - Raach (Germany)"]
[Round "21"]
[White "Barczay Laszlo (HUN)"]
[Black "Espig Lutz (GER)"]
[Result "0-1"]
[WhiteElo "2381"]
[BlackElo "2346"]

1.d4 Nf6 2.c4 c5 3.d5 e6 4.Nc3 exd5 5.cxd5 d6 6.e4 g6 7.Nf3 Bg7 8.Be2 O-O
9.O-O Na6 10.Bg5 h6 11.Bh4 g5 12.Bg3 Nh5 13.Nd2 Nxg3 14.hxg3 Nc7 15.a4 f5
16.exf5 Bxf5 17.Nc4 Qf6 18.g4 Bg6 19.Ne3 Qd4 20.Qb3 Qb4 21.Ra3 Rae8 22.Qa2 Qd4
23.Ncd1 Kh8 24.Qb3 Nxd5 25.Bb5 Re5 26.Nxd5 Rxd5 27.Bc4 Re5 28.Bd3 Bf7 29.Qxb7
Bd5 30.Qxa7 Qxg4 {#R} 0-1

[Event "Ch World (team) (under 26) (final B)"]
[Site "masterchessopen.com - Dresden (Germany)"]
[Date "1969.08.10"]
[Round "3"]
[White "Sirkia Mauri O (FIN)"]
[Black "Wahlbom Magnus (SWE)"]
[Result "1-0"]
[WhiteElo "2350"]
[BlackElo "2288"]

1.d4 Nf6 2.c4 c5 3.d5 e6 4.Nc3 exd5 5.cxd5 d6 6.Nf3 g6 7.e4 Bg7 8.Be2 O-O
9.O-O Bg4 10.Bf4 Re8 11.h3 Nxe4 12.hxg4 Bxc3 13.Bb5 Bxb2 14.Bxe8 Qxe8 15.Re1
f5 16.gxf5 gxf5 17.Ng5 Bxa1 18.Qxa1 Qg6 19.Nxe4 fxe4 20.Re3 Kf7 21.Qh8 Qg8
22.Qb2 Nd7 23.Rg3 Qh8 24.Qxb7 Qc8 25.Qb1 Nf6 26.Bh6 Rb8 27.Rg7+ Ke8 28.Qa1 Qf5
29.Rg5 {#r} 1-0

[Event "Tournament (team)"]
[Site "masterchessopen.com - Tucuman (Argentina)"]
[Round "3"]
[White "Carvajal Juan (BOL)"]
[Black "Idrovo Franklin (ECU)"]
[Result "0-1"]
[WhiteElo "2200"]
[BlackElo "2225"]

1.d4 Nf6 2.c4 e6 3.Nc3 c5 4.d5 exd5 5.cxd5 d6 6.e4 g6 7.Be2 Bg7 8.Nf3 O-O
9.O-O Na6 10.Nd2 Nc7 11.a4 b6 12.Nc4 Ba6 13.Qc2 Bxc4 14.Bxc4 a6 15.Ra3 Rb8
16.Rb3 Re8 17.Bg5 Qd7 18.Qd3 b5 19.axb5 axb5 20.Nxb5 Nxe4 21.Nxc7 Rxb3 22.Bxb3
Qxc7 23.Ba4 Re5 24.f4 Rxg5 25.Qxe4 Bd4+ 26.Kh1 Rh5 27.Bd1 Rh6 28.b4 Qd8 29.g3
Qb6 30.f5 Qd8 31.b5 Be5 32.fxg6 hxg6 33.Qf3 f5 34.Be2 Qe7 35.b6 Bxg3 36.Qxg3
Qxe2 37.Qg2 Qxg2+ 38.Kxg2 Kf7 39.Ra1 Rh8 40.Ra7+ Kf6 41.Rd7 {#R} 0-1

[Event "It (open)"]
[Site "masterchessopen.com - Barnstaple (England)"]
[Round "4"]
[White "Griffiths Paul (ENG)"]
[Black "Anderton David W (ENG)"]
[Result "1-0"]
[WhiteElo "2196"]
[BlackElo "2221"]

1.d4 Nf6 2.Nf3 e6 3.c4 c5 4.d5 exd5 5.cxd5 d6 6.Nc3 g6 7.e4 Bg7 8.Be2 O-O
9.O-O Na6 10.Bg5 Nc7 11.a4 b6 12.Nd2 Rb8 13.Nc4 Ba6 14.f4 Bxc4 15.Bxc4 Qe8
16.e5 dxe5 17.fxe5 Qxe5 18.Bf4 Qd4+ 19.Qxd4 cxd4 20.Bxc7 dxc3 21.bxc3 Rbc8
22.d6 Rxc7 23.dxc7 Rc8 24.Rad1 Rxc7 25.Rd8+ Bf8 26.Bb5 Ne4 27.c4 Kg7 28.g3
Bc5+ 29.Kg2 Nf6 30.Re1 h5 31.h3 a5 32.Kf3 Bb4 33.Re5 Bc3 34.Re3 Bb4 35.g4
hxg4+ 36.hxg4 Rc5 37.Kf4 g5+ 38.Kf3 Rc7 39.Re5 Kg6 40.Ba6 Be7 41.Rc8 Ra7
42.Rc6 Bc5 43.Rf5 Bd4 44.Rd6 Bc3 45.Rxb6 Rd7 46.c5 {#r} 1-0

[Event "Olympiad"]
[Site "masterchessopen.com - Skopje (Macedonia)"]
[Round "9"]
[White "Alvarez German (MEX)"]
[Black "Delgado Simon"]
[Result "0-1"]
[WhiteElo "2140"]
[BlackElo "2375"]

1.d4 Nf6 2.c4 c5 3.d5 e6 4.Nc3 exd5 5.cxd5 d6 6.e4 g6 7.Nf3 Bg7 8.Be2 O-O
9.O-O Bg4 10.h3 Bxf3 11.Bxf3 a6 12.g3 Re8 13.a4 Nbd7 14.Bf4 Qc7 15.Qc2 c4
16.Rac1 Nc5 17.Bg5 Nfd7 18.Nd1 b5 19.axb5 axb5 20.b3 cxb3 21.Qxb3 Qb6 22.Qc2
b4 23.Be3 b3 24.Qc4 Ne5 25.Qe2 Ra2 26.Bxc5 dxc5 27.Qe3 b2 28.Rb1 Nc4 29.Qe2
Na3 30.Ne3 Nxb1 31.Rxb1 Ra1 32.Qc2 Rxb1+ 33.Qxb1 Ra8 {#R} 0-1

[Event "Ch Australia"]
[Site "masterchessopen.com - Melbourne (Australia)"]
[Date "1972.01.06"]
[Round "8"]
[White "Hanks John (AUS)"]
[Black "Shaw Terrey I (AUS)"]
[Result "0-1"]
[WhiteElo "2171"]
[BlackElo "2390"]

1.d4 Nf6 2.c4 c5 3.d5 g6 4.Nc3 Bg7 5.e4 d6 6.Be2 O-O 7.Nf3 e6 8.O-O exd5
9.cxd5 Bg4 10.h3 Bxf3 11.Bxf3 Na6 12.Bf4 Qd7 13.a4 Nc7 14.Re1 Rfe8 15.Qd2 Rad8
16.g4 h5 17.g5 Nh7 18.Bg2 Nf8 19.Bf1 Be5 20.Bxe5 dxe5 21.Qe3 Nh7 22.Kh2 Kg7
23.Be2 Qe7 24.Rg1 Rf8 25.Rg2 b6 26.Rag1 Qd6 27.Nb1 a6 28.Nd2 b5 29.b3 Rfe8
30.Rc1 Ne6 31.dxe6 Qxd2 32.exf7 Rf8 33.axb5 axb5 34.Bxb5 Rxf7 35.Qxc5 Qf4+
36.Kh1 Nxg5 37.Qe3 Nxh3 38.Qxf4 Rxf4 39.Rc7+ Kh6 40.Bd7 Nxf2+ 41.Kg1 Nxe4
42.Bh3 Rd3 43.Rc6 Ng5 44.Be6 Nf3+ {#R} 0-1

[Event "It \"]
[Site "masterchessopen.com - Amsterdam (Netherlands)"]
[Round "0"]
[White "Ree Hans (NED)"]
[Black "Kaplan Julio P (USA)"]
[Result "1-0"]
[WhiteElo "2425"]
[BlackElo "2460"]

1.Nf3 c5 2.c4 g6 3.d4 Bg7 4.d5 d6 5.Nc3 Nf6 6.e4 O-O 7.Be2 e6 8.O-O exd5
9.cxd5 Bg4 10.Bg5 h6 11.Bh4 Bxf3 12.Bxf3 Nbd7 13.Qc2 a6 14.a4 c4 15.Be2 Rc8
16.Rfe1 Ne5 17.a5 g5 18.Bg3 Nfd7 19.Nd1 Re8 20.Ne3 Nd3 21.Bxd3 cxd3 22.Qxd3
Bxb2 23.Rab1 Nc5 24.Qd2 Bg7 25.f3 Na4 26.Nf5 Bc3 27.Qd1 Qxa5 28.Rf1 b5
29.Nxh6+ Kg7 30.Nf5+ Kg6 31.Nxd6 Rcd8 32.Nxe8 Rxe8 33.d6 Qb6+ 34.Kh1 Qc6 35.e5
f5 36.exf6 Bxf6 37.Qd3+ Kg7 38.Rfe1 Nc5 39.Qf5 Rxe1+ 40.Rxe1 Nd7 41.f4 gxf4
42.Bxf4 {#r} 1-0

[Event "Ch URS (qual)"]
[Site "masterchessopen.com - Daugavpils (Latvia)"]
[Round "0"]
[White "Petkevich Jusefs (LAT)"]
[Black "Katalymov Boris N (KAZ)"]
[Result "1-0"]
[WhiteElo "2380"]
[BlackElo "2367"]

1.Nf3 Nf6 2.c4 g6 3.Nc3 Bg7 4.d4 c5 5.d5 d6 6.e4 O-O 7.Be2 e6 8.O-O exd5
9.cxd5 Na6 10.Nd2 Nc7 11.f3 Nd7 12.Kh1 Qe7 13.Nc4 b5 14.Na5 a6 15.Nc6 Qe8
16.Bf4 Ne5 17.Nxe5 Bxe5 18.Bxe5 Qxe5 19.f4 Qd4 20.Qc2 b4 21.Rad1 Qg7 22.Na4
Rb8 23.e5 Bf5 24.Qc1 Nb5 25.exd6 Rfe8 26.Bxb5 Rxb5 27.b3 Rd8 28.Rfe1 h5 29.Re5
Qf6 30.Qe3 Qxd6 31.Nb2 Qf8 32.Nc4 Rb7 33.Qg3 Bg4 34.Rde1 f6 35.R5e3 Rf7 36.h3
Bf5 37.d6 Kh7 38.Re7 Kh6 39.Qe3 Rc8 40.d7 Bxd7 41.Rxf7 Qxf7 42.Nd6 Qd5 43.Nxc8
Bxc8 44.Qe8 {#r} 1-0

[Event "?"]
[Site "masterchessopen.com - URS"]
[Round "0"]
[White "Bagirov Vladimir (LAT)"]
[Black "Karasev Vladimir I (RUS)"]
[Result "0-1"]
[WhiteElo "2482"]
[BlackElo "2460"]

1.d4 Nf6 2.c4 c5 3.d5 e6 4.Nc3 exd5 5.cxd5 g6 6.e4 d6 7.Nf3 Bg7 8.Be2 O-O
9.O-O Bg4 10.Nd2 Bxe2 11.Qxe2 Re8 12.Nc4 b5 13.Nxb5 Nxe4 14.Qc2 a6 15.Nc3 Nxc3
16.bxc3 Qf6 17.Bd2 Nd7 18.Rae1 Ne5 19.Qa4 Qd8 20.Na5 Qd7 21.Qxd7 Nxd7 22.Nc4
Nf6 23.Nxd6 Rxe1 24.Rxe1 Nxd5 25.c4 Nb4 26.Bxb4 cxb4 27.c5 Bf8 28.g4 a5 29.Kf1
a4 30.Nb7 b3 31.axb3 a3 32.b4 a2 33.Na5 Bg7 34.Nb3 a1=Q 35.Nxa1 Rxa1 36.b5
Rxe1+ 37.Kxe1 Bd4 38.c6 Bb6 39.Ke2 Kf8 40.Kd3 Ke7 41.f4 f5 42.gxf5 gxf5 43.Ke2
Kd6 44.Kf3 Kd5 {#R} 0-1

[Event "Memorial J.Capablanca (b)"]
[Site "masterchessopen.com - Camaguey (Cuba)"]
[Round "4"]
[White "Garcia Wilfredo (CUB)"]
[Black "Rodriguez Amador (ESP)"]
[Result "0-1"]
[WhiteElo "2050"]
[BlackElo "2450"]

1.d4 Nf6 2.c4 c5 3.d5 e6 4.Nc3 exd5 5.cxd5 g6 6.Nf3 d6 7.e4 Bg7 8.Be2 O-O
9.O-O Bg4 10.Nd2 Bxe2 11.Qxe2 Nbd7 12.Nc4 Nb6 13.Nxb6 Qxb6 14.a4 a6 15.Be3
Rfe8 16.f3 Rab8 17.Rfe1 Nd7 18.a5 Qc7 19.Ra4 b5 20.axb6 Rxb6 21.Rxa6 Reb8
22.Ra2 Qb7 23.Bc1 Qc7 24.f4 Re8 25.Ra4 Bd4+ 26.Kh1 Nf6 27.Qd1 Qd7 28.Rxd4 cxd4
29.Qxd4 Qd8 30.b4 Nd7 31.Bb2 f6 32.Nd1 Rb5 33.Nc3 Rb7 34.Ra1 Qb6 35.Qxb6 Rxb6
36.b5 Nc5 37.g4 Nxe4 38.Nxe4 Rxe4 39.Bxf6 Rxf4 40.g5 Rxb5 {#R} 0-1

[Event "Ch URS (qual)"]
[Site "masterchessopen.com - Cheliabinsk (Russia)"]
[Round "0"]
[White "Faibisovich Vadim Z (RUS)"]
[Black "Semeniuk Alexander A (RUS)"]
[Result "0-1"]
[WhiteElo "2390"]
[BlackElo "2417"]

1.d4 Nf6 2.c4 c5 3.d5 e6 4.Nc3 exd5 5.cxd5 g6 6.e4 d6 7.Nf3 Bg7 8.Be2 O-O
9.O-O Bg4 10.Bg5 h6 11.Bh4 Re8 12.h3 Bxf3 13.Bxf3 Nbd7 14.Qc2 a6 15.a4 c4
16.Be2 Rc8 17.f4 b5 18.axb5 axb5 19.b4 cxb3 20.Qxb3 g5 21.fxg5 hxg5 22.Bxg5
Qb6+ 23.Kh1 Rxc3 24.Qxc3 Nxe4 25.Qc6 Nf2+ 26.Kh2 Rxe2 27.Ra8+ Kh7 28.Bf4 Qd4
29.Qxd6 Ne5 30.Rh8+ Bxh8 31.Qh6+ Kg8 32.Qg5+ Ng6 33.Bg3 Be5 {#R} 0-1

[Event "Ch Slovakia"]
[Site "masterchessopen.com - Hlohovec (Slovakia)"]
[Round "9"]
[White "Krisko Dusan (SVK)"]
[Black "Demeter Peter (SVK)"]
[Result "1-0"]
[WhiteElo "2200"]
[BlackElo "2253"]

1.d4 g6 2.Nf3 Bg7 3.e4 d6 4.c4 Nf6 5.Nc3 c5 6.d5 O-O 7.Be2 e6 8.O-O exd5
9.cxd5 Bg4 10.h3 Bxf3 11.Bxf3 Nbd7 12.Bg5 h6 13.Be3 Rb8 14.a4 Re8 15.Qc2 g5
16.Be2 Qe7 17.f3 Nh5 18.Rfe1 f5 19.Bf2 f4 20.Nb5 Ne5 21.Nxa7 Ng3 22.Nb5 h5
23.Kh2 g4 24.Bd1 h4 25.fxg4 f3 26.gxf3 Rf8 27.Kg2 c4 28.Nd4 Nd3 29.Ne6 Be5
30.Qxc4 Nxb2 31.Qb3 Rbc8 32.Bd4 Nc4 33.Bxe5 dxe5 34.Nxf8 Qxf8 35.Rc1 Qc5 36.d6
{#r} 1-0

[Event "It"]
[Site "masterchessopen.com - Rimavska Sobota (Slovakia)"]
[Round "3"]
[White "Baumbach Friedrich Dr (GER)"]
[Black "Velikov Petar (BUL)"]
[Result "0-1"]
[WhiteElo "2239"]
[BlackElo "2417"]

1.d4 Nf6 2.c4 c5 3.d5 e6 4.Nc3 exd5 5.cxd5 d6 6.e4 g6 7.Nf3 Bg7 8.Be2 O-O
9.O-O Na6 10.Bf4 Nc7 11.Nd2 Re8 12.Qc2 b6 13.Rfe1 Ng4 14.Bxg4 Bxg4 15.Nc4 Bf8
16.a4 Bc8 17.e5 dxe5 18.Rxe5 Bb7 19.Rd1 Bg7 20.Rxe8+ Nxe8 21.d6 Nf6 22.Re1 Nh5
23.Be5 Qh4 24.Bxg7 Kxg7 25.Qe2 Bc6 26.Qe5+ Nf6 27.Ne3 Re8 28.Qg3 Qxg3 29.hxg3
Ng4 30.Rd1 Nxe3 31.fxe3 Kf6 32.Nd5+ Bxd5 33.Rxd5 Ke6 34.Rd3 Rd8 35.a5 b5
36.Rc3 Kxd6 37.Kf2 c4 38.b3 Kc5 {#R} 0-1

[Event "?"]
[Site "masterchessopen.com - Yugoslavia"]
[Round "0"]
[White "Nemet Ivan (SUI)"]
[Black "Planinec Albin (SLO)"]
[Result "1-0"]
[WhiteElo "2348"]
[BlackElo "2535"]

1.d4 Nf6 2.c4 e6 3.Nf3 c5 4.d5 exd5 5.cxd5 d6 6.Nc3 g6 7.e4 Bg7 8.Be2 O-O
9.O-O Bg4 10.Nd2 Bxe2 11.Qxe2 Re8 12.f3 Na6 13.Nc4 Nc7 14.Bg5 b5 15.Ne3 Qd7
16.a4 bxa4 17.Qc2 Reb8 18.Rxa4 Rb4 19.Rfa1 Rab8 20.Nc4 Nfe8 21.Bd2 a6 22.Nd1
Rxa4 23.Qxa4 Qe7 24.Bc3 f5 25.Nf2 fxe4 26.fxe4 Nb5 27.Bxg7 Qxg7 28.e5 Nec7
29.Re1 Re8 30.Qd1 dxe5 31.d6 Ne6 32.Qd5 Nd4 33.Nd3 Rf8 34.Ncxe5 Qf6 35.h3 Qh4
36.Ng4 Rf5 37.Qc4 Rf4 38.Qd5 Rf5 39.Qa2 Qg3 40.Rxe6 {#r} 1-0

[Event "Tournament (team)"]
[Site "masterchessopen.com - Hindas"]
[Date "1975.09.26"]
[Round "5"]
[White "Ekstroem Roland (SUI)"]
[Black "Haugli Petter (NOR)"]
[Result "0-1"]
[WhiteElo "2486"]
[BlackElo "2300"]

1.d4 Nf6 2.c4 c5 3.d5 e6 4.Nc3 exd5 5.cxd5 d6 6.e4 g6 7.Nf3 Bg7 8.Be2 O-O
9.O-O Na6 10.Nd2 Nc7 11.a4 b6 12.f3 Rb8 13.Kh1 a6 14.Nc4 Nfe8 15.Be3 Bd7
16.Qd2 b5 17.axb5 axb5 18.Na5 b4 19.Nd1 Ra8 20.Nb7 Qc8 21.Rxa8 Qxa8 22.Nxd6
Nxd6 23.Bxc5 Ndb5 24.Bxf8 Bxf8 25.Ne3 Qa7 26.Rd1 Bh6 27.Qxb4 Bxe3 28.d6 Bc5
29.Qd2 Ne6 30.e5 Bd4 31.f4 Be3 32.Qd5 Nxf4 33.Qf3 Nxe2 34.Qxe2 Qc5 35.Rd3 Bf4
{#R} 0-1

[Event "It (cat.10)"]
[Site "masterchessopen.com - Banja-Luka (Bosnia & Herzegovina)"]
[Round "2"]
[White "Lakic Nikola (BIH)"]
[Black "Hulak Krunoslav (CRO)"]
[Result "1-0"]
[WhiteElo "2380"]
[BlackElo "2470"]

1.d4 Nf6 2.c4 c5 3.d5 e6 4.Nc3 exd5 5.cxd5 d6 6.e4 g6 7.Nf3 Bg7 8.Be2 O-O
9.O-O Bg4 10.h3 Bxf3 11.Bxf3 Nbd7 12.Bf4 Ne8 13.Qd2 a6 14.a4 c4 15.Be2 Rc8
16.Bh6 Nef6 17.Bxg7 Kxg7 18.Bg4 Nxg4 19.hxg4 h6 20.g3 Ne5 21.Qe2 Qd7 22.f3 b5
23.axb5 axb5 24.Kg2 b4 25.Nd1 Nd3 26.Rh1 Qe7 27.Ne3 Qe5 28.b3 Qb2 29.Qxb2+
Nxb2 30.Rhb1 c3 31.Nc2 Nd3 32.Ra4 f5 33.exf5 gxf5 34.Rd1 Ra8 35.Rxd3 Rxa4
36.bxa4 b3 37.Rxc3 bxc2 38.gxf5 Kf6 39.Rxc2 Ra8 40.Re2 Rxa4 41.Re6+ Kxf5
42.Rxh6 Ra2+ 43.Kh3 Ke5 44.Rh5+ Kd4 45.Rf5 Ra6 46.g4 {#r} 1-0

[Event "It (open)"]
[Site "masterchessopen.com - Sandomier (Poland)"]
[Round "6"]
[White "Sznapik Aleksander (POL)"]
[Black "Vaisman Volodia (FRA)"]
[Result "1-0"]
[WhiteElo "2397"]
[BlackElo "2485"]

1.c4 g6 2.Nc3 Bg7 3.d4 c5 4.d5 d6 5.e4 Nf6 6.Be2 O-O 7.Nf3 e6 8.O-O exd5
9.cxd5 Na6 10.Nd2 Nc7 11.a4 Nfe8 12.Nc4 f5 13.exf5 Bxf5 14.Bf4 Bd3 15.Bg3 Bxc4
16.Bxc4 Nf6 17.Qb3 Nh5 18.Qxb7 Rb8 19.Qxa7 Nxg3 20.hxg3 Rxb2 21.Rac1 Rf7
22.Qa5 Qf8 23.Ne2 Be5 24.Qe1 Qh6 25.Rb1 Rxb1 26.Qxb1 Ne8 27.Qc1 Qh5 28.Nf4
Bxf4 29.gxf4 Nf6 30.Qe3 Qh6 31.Rb1 Qf8 32.Qe6 Kg7 33.Re1 Ng8 34.Qe3 Rxf4
35.Qc3+ Nf6 36.a5 Kg8 37.a6 Rh4 38.f3 Nd7 39.a7 Nb6 40.Bb5 Qh6 41.Kf2 Rh2
42.Qf6 Qh4+ 43.Qxh4 Rxh4 44.Re8+ Kf7 45.Rb8 Rb4 46.Rxb6 Rb2+ 47.Kg3 Ra2 48.Ra6
{#r} 1-0

[Event "It (b)"]
[Site "masterchessopen.com - Decin (Czech Republic)"]
[Round "7"]
[White "Jankovec Ivan (CZE)"]
[Black "Suradiradja Herman (INA)"]
[Result "1-0"]
[WhiteElo "2180"]
[BlackElo "2238"]

1.c4 Nf6 2.Nc3 g6 3.d4 c5 4.d5 d6 5.e4 Bg7 6.Nf3 O-O 7.Be2 e6 8.O-O exd5
9.cxd5 Na6 10.Bf4 Nc7 11.Nd2 Re8 12.a4 b6 13.g4 Ba6 14.Bb5 Bxb5 15.axb5 Qd7
16.f3 Nxb5 17.Nc4 Nxc3 18.bxc3 Bf8 19.Rf2 Qc7 20.Ra6 Rab8 21.Rfa2 Rb7 22.Qa1
Nxe4 23.fxe4 Rxe4 24.Qf1 Qe7 25.Bxd6 Rxg4+ 26.Rg2 Qe4 27.Rxg4 Qxg4+ 28.Bg3 h5
29.Ne3 Qe4 30.Qf4 Qb1+ 31.Nf1 Qd3 32.c4 Re7 33.Ra2 Re4 34.Qb8 h4 35.Bd6 Rg4+
36.Rg2 Qd4+ 37.Kh1 Qe4 38.Qxf8+ Kh7 39.Qxf7+ Kh6 40.Bf8+ Kg5 41.Qe7+ Qxe7
42.Bxe7+ Kh5 43.Rxg4 {#r} 1-0

[Event "Ch Slovakia"]
[Site "masterchessopen.com - Detva (Slovakia)"]
[Round "4"]
[White "Husek Zdenek (SVK)"]
[Black "Krisko Dusan (SVK)"]
[Result "1-0"]
[WhiteElo "2033"]
[BlackElo "2290"]

1.d4 Nf6 2.c4 e6 3.Nc3 c5 4.d5 exd5 5.cxd5 d6 6.e4 g6 7.Nf3 Bg7 8.Be2 O-O
9.O-O Bg4 10.Re1 Re8 11.Nd2 Bxe2 12.Qxe2 Nbd7 13.Nc4 Nb6 14.Nxb6 Qxb6 15.Bg5
Nxe4 16.Nxe4 f5 17.Qd3 fxe4 18.Rxe4 Qxb2 19.Rb1 Qc3 20.Qe2 Rxe4 21.Qxe4 Be5
22.Rxb7 Qa1+ 23.Qb1 Qxb1+ 24.Rxb1 c4 25.Kf1 c3 26.Ke2 Rc8 27.Kd3 Rc5 28.Rb8+
Kf7 29.Rb7+ Ke8 30.f4 Rxd5+ 31.Ke4 Rd4+ 32.Ke3 Bh8 33.Rxh7 Rd1 34.Rxh8+ Kd7
35.Rh7+ Kc8 36.Ke4 d5+ 37.Ke5 d4 38.Kd6 c2 39.Rc7+ {#r} 1-0

[Event "?"]
[Site "masterchessopen.com - URS"]
[Round "0"]
[White "Piesina Gintautas (LTU)"]
[Black "Kapengut Albert Z (BLR)"]
[Result "0-1"]
[WhiteElo "2325"]
[BlackElo "2402"]

1.d4 Nf6 2.c4 c5 3.d5 e6 4.Nc3 exd5 5.cxd5 d6 6.Nf3 g6 7.e4 Bg7 8.Be2 O-O
9.O-O Bg4 10.Bg5 h6 11.Bh4 Qb6 12.Rb1 Nbd7 13.Nd2 Bxe2 14.Qxe2 Rae8 15.Kh1
Nxe4 16.Ncxe4 f5 17.Bg3 fxe4 18.Rfe1 e3 19.fxe3 Ne5 20.Bxe5 Bxe5 21.Qg4 Kh7
22.Nc4 Qd8 23.Rf1 h5 24.Qh3 Rxf1+ 25.Rxf1 b5 26.Nxe5 Rxe5 27.Rf7+ Kg8 28.Rxa7
Qe8 29.Qd7 Qxd7 30.Rxd7 Rxd5 31.Kg1 Rd2 32.a3 c4 33.h4 Kf8 34.Kh2 Ke8 35.Rb7
Rxb2 36.a4 b4 37.a5 c3 38.a6 c2 {#R} 0-1

[Event "Ch Romania"]
[Site "masterchessopen.com - Sibiu (Romania)"]
[Round "0"]
[White "Voiculescu Paul (ROM)"]
[Black "Ungureanu Emil (ROM)"]
[Result "0-1"]
[WhiteElo "2282"]
[BlackElo "2385"]

1.d4 Nf6 2.c4 c5 3.d5 e6 4.Nc3 exd5 5.cxd5 d6 6.e4 g6 7.Nf3 Bg7 8.Be2 O-O
9.O-O Na6 10.Bg5 h6 11.Bh4 g5 12.Bg3 Nh5 13.Nd2 Nxg3 14.hxg3 Nc7 15.g4 b5
16.Nxb5 Nxb5 17.Bxb5 Rb8 18.Bd3 Rxb2 19.Nc4 Rb4 20.Rb1 Rxb1 21.Bxb1 Ba6 22.Bd3
Bxc4 23.Bxc4 Qa5 24.Qc2 Rb8 25.Rb1 Rb6 26.Rxb6 Qe1+ 27.Bf1 axb6 28.Qe2 Qa1
29.Qc2 b5 30.g3 c4 31.Kg2 Bb2 32.a4 bxa4 33.Bxc4 a3 34.Qb3 Kg7 35.Qa2 Qe1
36.Kf3 Qh1+ 37.Ke2 Qxe4+ 38.Kf1 {#R} 0-1